Statistics for Countries with Lowest Homocide Rates

Click here to take the quiz!

General Stats

  • This quiz has been taken 163 times
  • The average score is 12 of 22

Answer Stats

Country% Correct
0.6Norway
84%
0.3Iceland
81%
0.9Denmark
80%
0.0Monaco
78%
0.4Japan
73%
0.6Luxembourg
72%
0.9New Zealand
72%
0.7Switzerland
72%
0.3Singapore
66%
0.6Austria
65%
0.8Germany
65%
0.8Spain
58%
0.9Italy
53%
0.9Qatar
43%
0.8United Arab Emirates
42%
0.6Bahrain
37%
0.7Slovenia
37%
0.0Palau
34%
0.5Brunei
28%
0.9Vanuatu
28%
0.9Micronesia
25%
0.7Oman
24%

Score Distribution

Percentile by Number Answered

Percent of People with Each Score

Your Score History

You have not taken this quiz